000 00310nam a22001097a 4500
020 _a9787510463303
245 _aGoverning the Party : How the CPC Works
_cXie Chuntao (editor)
260 _aBeijing
_bNew World Press
_c2017
300 _a256p
942 _2ddc
_cBK
999 _c586545
_d586545